<?xml version="1.0" encoding="UTF-8"?>
<record
    xmlns:xsi="http://www.w3.org/2001/XMLSchema-instance"
    xsi:schemaLocation="http://www.loc.gov/MARC21/slim http://www.loc.gov/standards/marcxml/schema/MARC21slim.xsd"
    xmlns="http://www.loc.gov/MARC21/slim">

  <leader>01898nam a22003137a 4500</leader>
  <controlfield tag="005">20120229105432.0</controlfield>
  <datafield tag="010" ind1=" " ind2=" ">
    <subfield code="a">ENG-104830  B-460886-888</subfield>
  </datafield>
  <datafield tag="020" ind1=" " ind2=" ">
    <subfield code="a">9788189738815</subfield>
    <subfield code="c">2495.00</subfield>
  </datafield>
  <datafield tag="035" ind1=" " ind2=" ">
    <subfield code="a">EN-88363  B-460886-888</subfield>
  </datafield>
  <datafield tag="037" ind1=" " ind2=" ">
    <subfield code="b">DBAD/PUB</subfield>
  </datafield>
  <datafield tag="037" ind1=" " ind2=" ">
    <subfield code="b">Virtuous Pub/Ven</subfield>
  </datafield>
  <datafield tag="082" ind1=" " ind2=" ">
    <subfield code="a">759.954</subfield>
  </datafield>
  <datafield tag="245" ind1=" " ind2=" ">
    <subfield code="a">Indian painting : </subfield>
    <subfield code="c">edited by Anna L. Dallapiccola</subfield>
    <subfield code="b">the lesser-known traditions /</subfield>
  </datafield>
  <datafield tag="260" ind1=" " ind2=" ">
    <subfield code="a">New Delhi</subfield>
    <subfield code="b">Niyogi Books</subfield>
    <subfield code="c">2011</subfield>
  </datafield>
  <datafield tag="270" ind1=" " ind2=" ">
    <subfield code="a">D-78, Okhla Industrial Area, Phase-I</subfield>
    <subfield code="b">New Delhi</subfield>
    <subfield code="e">110020</subfield>
  </datafield>
  <datafield tag="300" ind1=" " ind2=" ">
    <subfield code="a">216p.  :</subfield>
    <subfield code="c">30cm(Hb)</subfield>
    <subfield code="b">ill. (chiefly col.), maps</subfield>
  </datafield>
  <datafield tag="500" ind1=" " ind2=" ">
    <subfield code="a">Includes bibliographical references and index.</subfield>
  </datafield>
  <datafield tag="520" ind1=" " ind2=" ">
    <subfield code="a">Papers presented at a conference on Indian painting : the lesser-known traditions, held in Houston during 8-9 March 2008.</subfield>
  </datafield>
  <datafield tag="650" ind1=" " ind2=" ">
    <subfield code="a">Painting </subfield>
    <subfield code="z">India</subfield>
    <subfield code="v"> Congresses.</subfield>
    <subfield code="9">49148</subfield>
  </datafield>
  <datafield tag="650" ind1=" " ind2=" ">
    <subfield code="a">Painting, Indic </subfield>
    <subfield code="z"> India </subfield>
    <subfield code="v">Congresses.</subfield>
    <subfield code="9">49149</subfield>
  </datafield>
  <datafield tag="650" ind1=" " ind2=" ">
    <subfield code="a">Folk art </subfield>
    <subfield code="z"> India </subfield>
    <subfield code="v">Congresses.</subfield>
    <subfield code="9">49150</subfield>
  </datafield>
  <datafield tag="700" ind1=" " ind2=" ">
    <subfield code="a">Dallapiccola, Anna L. </subfield>
    <subfield code="9">43189</subfield>
    <subfield code="d">1944-</subfield>
    <subfield code="q">(Anna Libera),</subfield>
  </datafield>
  <datafield tag="942" ind1=" " ind2=" ">
    <subfield code="2">ddc</subfield>
    <subfield code="c">EN</subfield>
    <subfield code="h">759.954</subfield>
    <subfield code="m">IND</subfield>
  </datafield>
  <datafield tag="999" ind1=" " ind2=" ">
    <subfield code="c">63585</subfield>
    <subfield code="d">63585</subfield>
  </datafield>
  <datafield tag="952" ind1=" " ind2=" ">
    <subfield code="0">0</subfield>
    <subfield code="1">0</subfield>
    <subfield code="2">ddc</subfield>
    <subfield code="4">0</subfield>
    <subfield code="7">1</subfield>
    <subfield code="8">NFIC</subfield>
    <subfield code="a">DBAD</subfield>
    <subfield code="b">DBAD</subfield>
    <subfield code="d">2012-02-29</subfield>
    <subfield code="e">DBAD/PUB</subfield>
    <subfield code="g">2495.00</subfield>
    <subfield code="l">0</subfield>
    <subfield code="o">759.954 IND</subfield>
    <subfield code="p">EN-88363</subfield>
    <subfield code="r">2012-02-29 00:00:00</subfield>
    <subfield code="t">1</subfield>
    <subfield code="v">2495.00</subfield>
    <subfield code="w">2012-02-29</subfield>
    <subfield code="y">EN</subfield>
  </datafield>
  <datafield tag="952" ind1=" " ind2=" ">
    <subfield code="0">0</subfield>
    <subfield code="1">0</subfield>
    <subfield code="4">0</subfield>
    <subfield code="7">1</subfield>
    <subfield code="8">REF</subfield>
    <subfield code="a">L</subfield>
    <subfield code="b">L</subfield>
    <subfield code="d">2012-06-15</subfield>
    <subfield code="e">Virtuous Pub/936/04.02.2012/28/18.01.2012/10.02.2012</subfield>
    <subfield code="g">2495.00</subfield>
    <subfield code="l">0</subfield>
    <subfield code="o">759.954 IND</subfield>
    <subfield code="p">B-460886</subfield>
    <subfield code="r">2012-06-15 00:00:00</subfield>
    <subfield code="t">1</subfield>
    <subfield code="v">2495.00</subfield>
    <subfield code="w">2012-06-15</subfield>
    <subfield code="y">EN</subfield>
  </datafield>
  <datafield tag="952" ind1=" " ind2=" ">
    <subfield code="0">0</subfield>
    <subfield code="1">0</subfield>
    <subfield code="4">0</subfield>
    <subfield code="7">1</subfield>
    <subfield code="8">REF</subfield>
    <subfield code="a">BL1</subfield>
    <subfield code="b">BL1</subfield>
    <subfield code="d">2012-06-15</subfield>
    <subfield code="e">Virtuous Pub/936/04.02.2012/28/18.01.2012/10.02.2012</subfield>
    <subfield code="g">2495.00</subfield>
    <subfield code="l">0</subfield>
    <subfield code="o">759.954 IND</subfield>
    <subfield code="p">B-460887</subfield>
    <subfield code="r">2012-06-15 00:00:00</subfield>
    <subfield code="t">1</subfield>
    <subfield code="v">2495.00</subfield>
    <subfield code="w">2012-06-15</subfield>
    <subfield code="y">EN</subfield>
  </datafield>
  <datafield tag="952" ind1=" " ind2=" ">
    <subfield code="0">0</subfield>
    <subfield code="1">0</subfield>
    <subfield code="4">0</subfield>
    <subfield code="7">1</subfield>
    <subfield code="8">REF</subfield>
    <subfield code="a">ZLS</subfield>
    <subfield code="b">ZLS</subfield>
    <subfield code="d">2012-06-15</subfield>
    <subfield code="e">Virtuous Pub/936/04.02.2012/28/18.01.2012/10.02.2012</subfield>
    <subfield code="g">2495.00</subfield>
    <subfield code="l">0</subfield>
    <subfield code="o">759.954 IND</subfield>
    <subfield code="p">B-460888</subfield>
    <subfield code="r">2012-06-15 00:00:00</subfield>
    <subfield code="t">1</subfield>
    <subfield code="v">2495.00</subfield>
    <subfield code="w">2012-06-15</subfield>
    <subfield code="y">EN</subfield>
  </datafield>
</record>
